|
|
|
|
| LEADER |
00000nam0a2200000 4500 |
| 001 |
315562 |
| 005 |
20231102002806.0 |
| 010 |
|
|
|a 9785444805121
|
| 035 |
|
|
|a (RuTPU)RU\TPU\book\340998
|
| 090 |
|
|
|a 315562
|
| 100 |
|
|
|a 20160302d2016 km y0rusy50 ca
|
| 101 |
1 |
|
|a rus
|c eng
|
| 102 |
|
|
|a RU
|
| 105 |
|
|
|a a z 001zy
|
| 200 |
1 |
|
|a Это было навсегда, пока не кончилось. Последнее советское поколение
|e пер. с англ.
|f А. Юрчак
|
| 205 |
|
|
|a [2-е изд.]
|
| 210 |
|
|
|a Москва
|c Новое литературное обозрение
|d 2016
|
| 215 |
|
|
|a 662 с.
|c ил.
|
| 225 |
1 |
|
|a Библиотека журнала "Неприкосновенный запас"
|
| 300 |
|
|
|a Премия "Просветитель" 2015.
|
| 320 |
|
|
|a Библиогр.: с. 588-614.
|
| 320 |
|
|
|a Указ.: с. 615-658.
|
| 330 |
|
|
|a Для советских людей обвал социалистической системы стал одновременно абсолютной неожиданностью и чем-то вполне закономерным. Это драматическое событие обнажило необычный парадокс: несмотря на то, что большинство людей воспринимало советскую систему как вечную и неизменную, они в принципе были всегда готовы к ее распаду. В книге профессора Калифорнийского университета в Беркли Алексея Юрчака система «позднего социализма^, (середина 1950-х — середина1980-х годов) анализируется в перспективе этого парадокса. Образ позднего социализма, возникающий в книге, в корне отличается от привычных стереотипов, согласно которым советскую реальность можно свести к описанию, основанному на простых противопоставлениях: официальная / неофициальная культура, тоталитарный язык / свободный язык, политическое подавление / гражданское сопротивление, публичная ложь / скрытая правда. Книга удостоена премии « Просветитель » за 2015 год.
|
| 606 |
1 |
|
|a Советсткий образ жизни
|2 stltpush
|3 (RuTPU)RU\TPU\subj\55417
|9 73451
|
| 610 |
1 |
|
|a советское общество
|
| 610 |
1 |
|
|a история
|
| 610 |
1 |
|
|a социализм
|
| 610 |
1 |
|
|a Советский Союз
|
| 610 |
1 |
|
|a гегемония
|
| 610 |
1 |
|
|a идеология
|
| 610 |
1 |
|
|a коммунизм
|
| 610 |
1 |
|
|a политические режимы
|
| 610 |
1 |
|
|a литературная жизнь
|
| 610 |
1 |
|
|a западная культура
|
| 610 |
1 |
|
|a средства массовой информации
|
| 610 |
1 |
|
|a советская культура
|
| 610 |
1 |
|
|a советская повседневность
|
| 610 |
1 |
|
|a советские люди
|
| 610 |
1 |
|
|a юмор
|
| 686 |
|
|
|a Ф3(2)61
|v LBC/SL-A
|2 rubbk
|
| 700 |
|
1 |
|a Юрчак
|b А.
|g Алексей
|
| 801 |
|
1 |
|a RU
|b 63413507
|c 20160302
|
| 801 |
|
2 |
|a RU
|b 63413507
|c 20160331
|g RCR
|
| 942 |
|
|
|c BK
|